[Event "Druzynowe Mistrzostwa Polski - II Liga Seniorow"]
[Site "Ustron/Slaski Zwiazek Szachowy"]
[Date "2008.09.12"]
[Round "7.35"]
[White "Lewandowski, Miroslaw"]
[Black "Sliwinski, Marcin"]
[Result "1-0"]
[WhiteTitle "k"]
[BlackTitle "k"]
[WhiteElo "2130"]
[BlackElo "2127"]

1. e4 c5 2. d4 cxd4 3. c3 Nf6 4. e5 Nd5 5. Nf3 Nc6 6. cxd4 e6 7. Nc3 Nb6 8. Bd3
d6 9. O-O Be7 10. Qe2 O-O 11. Qe4 g6 12. Bh6 Re8 13. Rfd1 Nb4 14. Bb5 d5 15.
Qf4 Bd7 16. Ng5 f6 17. Bxd7 Nxd7 18. Nxe6 Qb6 19. Ng7 fxe5 20. dxe5 g5 21. Bxg5
Kxg7 22. Bxe7 Rxe7 23. a3 d4 24. Na4 Nd5 25. Nxb6 Nxf4 26. Nxa8 Nc5 27. g3 Ne2+
28. Kf1 Rxe5 29. Rd2 d3 30. Re1 Rd5 31. Rexe2 dxe2+ 32. Kxe2 Re5+ 33. Kf3 Re7
34. Rd8 Ne6 35. Rc8 Rf7+ 36. Ke3 Rd7 37. f4 Kf6 38. h3 Ke7 39. f5 Ng7 40. g4
Ne8 41. Kf4 h6 42. Rc4 Kd6 43. h4 Nf6 44. Rd4+ Nd5+ 45. Ke4 Kc6 46. Rc4+ Kd6
47. Rc8 Re7+ 48. Kd4 Kd7 49. Rh8 Nf6 50. g5 hxg5 51. hxg5 Ne8 52. f6 Rf7 53.
Ke5 b5 54. Rh1 1-0

[Event "Druzynowe Mistrzostwa Polski - II Liga Seniorow"]
[Site "Ustron/Slaski Zwiazek Szachowy"]
[Date "2008.09.12"]
[Round "7.36"]
[White "Krokay, Urszula"]
[Black "Maszota, Natalia"]
[Result "0-1"]
[WhiteTitle "k"]
[BlackTitle "k+"]
[WhiteElo "2018"]
[BlackElo "2077"]

1. e4 e6 2. d4 d5 3. exd5 exd5 4. Bd3 Nc6 5. c3 Bd6 6. Qf3 Nce7 7. Bg5 f6 8.
Bf4 Bxf4 9. Qxf4 Be6 10. Nd2 Nh6 11. O-O-O O-O 12. Re1 Bf5 13. Bxf5 Nhxf5 14.
g4 Nd6 15. Ne2 c6 16. h4 Ng6 17. Qh2 Re8 18. h5 Nf8 19. h6 g6 20. Ng3 Qd7 21.
Reg1 Ne4 22. Nh5 gxh5 23. gxh5+ Kh8 24. Nxe4 Rxe4 25. Qg3 Ne6 26. f3 Re2 27.
Rh4 Ng5 28. Rg4 Qf5 29. Re4 dxe4 30. Qc7 Rg8 0-1

[Event "Druzynowe Mistrzostwa Polski - II Liga S"]
[Site "Ustron/Slaski Zwiazek Szachowy"]
[Date "2008.09.12"]
[Round "7.37"]
[White "Czyz, Artur"]
[Black "Nguyen, Piotr"]
[Result "1/2-1/2"]
[WhiteElo "2081"]
[BlackElo "2329"]
[PlyCount "53"]
[EventDate "2008.??.??"]

1. e4 e6 2. d4 d5 3. e5 c5 4. Qg4 Qa5+ 5. Nd2 Nh6 6. Qh3 Nc6 7. Ngf3 Nb4 8. Kd1
cxd4 9. Nxd4 Bd7 10. N2b3 Qc7 11. Bf4 Nf5 12. c3 Nxd4 13. Nxd4 Qb6 14. Be3 Bc5
15. Qg4 Nxa2 16. Qxg7 O-O-O 17. Rxa2 Bxd4 18. Kc2 Bxe3 19. fxe3 Qxe3 20. Qg4
Qxe5 21. Rxa7 Kb8 22. Rxb7+ Kxb7 23. Qb4+ Kc7 24. Qa5+ Kd6 25. Qb4+ Kc7 26.
Qa5+ Kd6 27. Qb4+ 1/2-1/2

[Event "Druzynowe Mistrzostwa Polski - II Liga S"]
[Site "Ustron/Slaski Zwiazek Szachowy"]
[Date "2008.09.12"]
[Round "7.38"]
[White "Michniewski, Tomasz"]
[Black "Swicarz, Maciej"]
[Result "0-1"]
[WhiteElo "2227"]
[BlackElo "2284"]
[PlyCount "102"]
[EventDate "2008.??.??"]

1. d4 f5 2. c4 Nf6 3. Nf3 g6 4. g3 Bg7 5. Bg2 O-O 6. O-O d6 7. Nc3 Nc6 8. d5
Ne5 9. Nxe5 dxe5 10. e4 e6 11. Be3 exd5 12. exd5 Qe7 13. Na4 Rd8 14. Bc5 Qf7
15. Qe2 Bd7 16. Nc3 Re8 17. Rad1 g5 18. Qd2 Qg6 19. Rfe1 h5 20. f3 Kf7 21. d6
c6 22. Qf2 b6 23. Ba3 Re6 24. b4 Rh8 25. Bb2 h4 26. c5 hxg3 27. hxg3 Qh7 28.
Kf1 Qh2 29. Bc1 g4 30. Bg5 gxf3 31. Bxf3 Qxf2+ 32. Kxf2 e4 33. Be2 bxc5 34.
bxc5 Ng4+ 35. Bxg4 Bxc3 36. Re3 Rg6 37. Rxc3 Rxg5 38. Be2 Rh2+ 39. Kf1 f4 40.
gxf4 Rgg2 41. Rd2 Kf6 42. Re3 Rf2+ 43. Ke1 Rxf4 44. Rb2 Ke5 45. Rb7 Kd4 46. Kd2
Rh7 47. Ra3 Rf2 48. Ra4+ Kd5 49. Raxa7 Rhh2 50. Rxd7 Rxe2+ 51. Kc3 Rb2 0-1

[Event "Druzynowe Mistrzostwa Polski - II Liga S"]
[Site "Ustron/Slaski Zwiazek Szachowy"]
[Date "2008.09.12"]
[Round "7.39"]
[White "Rudnicki, Milosz"]
[Black "Szymczak, Rafal"]
[Result "1/2-1/2"]
[WhiteElo "2197"]
[BlackElo "2118"]
[PlyCount "97"]
[EventDate "2008.??.??"]

1. e4 c6 2. d4 d5 3. exd5 cxd5 4. c4 Nf6 5. Nc3 e6 6. Nf3 Be7 7. cxd5 Nxd5 8.
Bd3 Nc6 9. O-O O-O 10. Re1 Ncb4 11. Bb1 Nxc3 12. bxc3 Nd5 13. Qd3 g6 14. Bh6
Re8 15. c4 Nf6 16. Ne5 Nd7 17. Nf3 Nf6 18. Bc2 Bd7 19. Rad1 Qa5 20. Bb3 Ba4 21.
Bd2 Qa6 22. Bc3 Bxb3 23. axb3 Bf8 24. Ra1 Qd6 25. Ne5 Nd7 26. f4 Bg7 27. Qe4
Qc7 28. Ra5 a6 29. Ra2 Nf6 30. Qf3 b5 31. Rea1 bxc4 32. bxc4 Nd7 33. Ra4 Rac8
34. h3 f6 35. Nxd7 Qxd7 36. Kh1 Rc6 37. Qe2 f5 38. Qe3 Kf7 39. Rb4 Rd8 40. d5
exd5 41. Bxg7 Kxg7 42. Rab1 Rc7 43. Qe5+ Kg8 44. cxd5 Qd6 45. Rb8 Rcd7 46. Qe6+
Qxe6 47. dxe6 Rd1+ 48. Kh2 Kf8 49. Rxd8+ 1/2-1/2

[Event "Druzynowe Mistrzostwa Polski - II Liga S"]
[Site "Ustron/Slaski Zwiazek Szachowy"]
[Date "2008.09.12"]
[Round "7.40"]
[White "Spicak, Krzysztof"]
[Black "Lercel, Michal"]
[Result "1/2-1/2"]
[WhiteElo "2011"]
[BlackElo "2178"]
[PlyCount "103"]
[EventDate "2008.??.??"]

1. d4 Nf6 2. c4 g6 3. Nc3 Bg7 4. e4 d6 5. f4 O-O 6. Be2 c5 7. d5 b5 8. cxb5 a6
9. Nf3 axb5 10. Bxb5 Ba6 11. Bxa6 Nxa6 12. O-O Nb4 13. Qe2 Qb6 14. h3 Qa6 15.
Qxa6 Rxa6 16. Ne1 Nd7 17. a3 Rb8 18. Rf3 c4 19. Rb1 Nd3 20. Nxd3 Bxc3 21. Nb4
Bxb4 22. axb4 Rxb4 23. Bd2 Rb3 24. Be3 Nc5 25. Re1 Nd3 26. Re2 Ra2 27. Rc2 Ra1+
28. Kh2 Rb1 29. Bd4 Rc1 30. Re2 f6 31. e5 fxe5 32. fxe5 dxe5 33. Bxe5 Nxe5 34.
Rxb3 cxb3 35. Rxe5 Rc7 36. d6 exd6 37. Rb5 Kf7 38. Kg3 Ke6 39. Kf3 d5 40. Rxb3
Rf7+ 41. Ke3 Ke5 42. Rb8 d4+ 43. Ke2 Ke4 44. Re8+ Kd5 45. Kd3 Rf2 46. Rd8+ Ke5
47. Re8+ Kf5 48. Re2 Rf1 49. Re7 Rg1 50. Re2 Rd1+ 51. Rd2 Rg1 52. Rc2 1/2-1/2

[Event "Druzynowe Mistrzostwa Polski - II Liga S"]
[Site "Ustron/Slaski Zwiazek Szachowy"]
[Date "2008.09.12"]
[Round "7.41"]
[White "Zminda, Bogdan"]
[Black "Borysiak, Boguslaw"]
[Result "1-0"]
[WhiteElo "2156"]
[BlackElo "2162"]
[PlyCount "53"]
[EventDate "2008.??.??"]

1. e4 b6 2. d4 Bb7 3. Bd3 e6 4. Nf3 Ne7 5. Bg5 f6 6. Bh4 d6 7. e5 Ng6 8. Bg3
Nc6 9. Qe2 dxe5 10. dxe5 f5 11. h4 Qd7 12. h5 Nge7 13. Nc3 Nb4 14. Bb5 Bc6 15.
Bxc6 Qxc6 16. Nd4 Qd7 17. O-O-O Nbd5 18. Nxd5 exd5 19. e6 Qa4 20. Nb5 f4 21.
Nxc7+ Kd8 22. Nxd5 Kc8 23. Nc3 Qc6 24. Bxf4 a6 25. Rd6 Qc5 26. Qe4 Ra7 27. Rhd1
1-0

[Event "Druzynowe Mistrzostwa Polski - II Liga S"]
[Site "Ustron/Slaski Zwiazek Szachowy"]
[Date "2008.09.12"]
[Round "7.42"]
[White "Leszner, Liliana"]
[Black "Poznanska, Katarzyna"]
[Result "1-0"]
[WhiteElo "2140"]
[BlackElo "2090"]
[PlyCount "85"]
[EventDate "2008.??.??"]

1. e4 e6 2. d3 d5 3. Nd2 Nf6 4. g3 dxe4 5. dxe4 Nc6 6. Bg2 e5 7. h3 Be6 8. Ngf3
h6 9. O-O Qd7 10. Kh2 O-O-O 11. Qe2 g5 12. Nc4 Bd6 13. Nfd2 h5 14. c3 h4 15. g4
Nh7 16. b4 Nf8 17. Qe3 Kb8 18. a4 Ng6 19. b5 Nce7 20. Rd1 Nf4 21. Bf1 b6 22.
Nxd6 cxd6 23. a5 Qc7 24. c4 Nc8 25. Bb2 f6 26. Rdc1 Qc5 27. Qf3 Rh7 28. Nb3 Qc7
29. Ra4 Qf7 30. Rca1 d5 31. exd5 Nxd5 32. cxd5 Bxd5 33. Qd3 e4 34. Rxe4 Qc7+
35. Kg1 Bxe4 36. Qxe4 Re7 37. Qf3 Rde8 38. Nd4 Re4 39. Nc6+ Kb7 40. axb6 Qxb6
41. Bd4 Qc7 42. Nxa7 Qf4 43. Bg2 1-0

[Event "Druzynowe Mistrzostwa Polski - II Liga S"]
[Site "Ustron/Slaski Zwiazek Szachowy"]
[Date "2008.09.12"]
[Round "7.43"]
[White "Kujawski, Ryszard"]
[Black "Gralka, Julian"]
[Result "0-1"]
[WhiteElo "2147"]
[BlackElo "2268"]
[PlyCount "86"]
[EventDate "2008.??.??"]

1. e4 c5 2. c3 Nf6 3. e5 Nd5 4. d4 cxd4 5. cxd4 d6 6. Nf3 Nc6 7. Bc4 Nb6 8. Bb5
dxe5 9. Nxe5 Bd7 10. Nc3 Nxe5 11. dxe5 Bxb5 12. Nxb5 Qxd1+ 13. Kxd1 Nd5 14. Ke2
a6 15. Rd1 O-O-O 16. Nd6+ exd6 17. Rxd5 Re8 18. Bf4 f6 19. e6 Rxe6+ 20. Kd3 Be7
21. b4 Kd7 22. b5 Ra8 23. a4 Bd8 24. Bg3 Bb6 25. Rb1 a5 26. f4 Re3+ 27. Kd2
Rae8 28. Rd1 Bc5 29. Kc2 Re2+ 30. R1d2 Bb4 31. Rxe2 Rxe2+ 32. Kb3 Ke6 33. Rh5
h6 34. Kc4 f5 35. Bh4 Rxg2 36. Bd8 Rg4 37. Rh4 d5+ 38. Kd4 Rg2 39. Rh3 Rd2+ 40.
Ke3 d4+ 41. Kf3 Rd3+ 42. Kg2 Rxh3 43. Kxh3 d3 0-1

[Event "Druzynowe Mistrzostwa Polski - II Liga S"]
[Site "Ustron/Slaski Zwiazek Szachowy"]
[Date "2008.09.12"]
[Round "7.44"]
[White "Mazalon, Mariusz"]
[Black "Bardeli, Lukasz"]
[Result "0-1"]
[WhiteElo "2148"]
[BlackElo "2317"]
[PlyCount "78"]
[EventDate "2008.??.??"]

1. d4 d5 2. c4 c6 3. Nf3 Nf6 4. e3 a6 5. Nbd2 g6 6. b3 Bg7 7. Bb2 O-O 8. Be2
Bf5 9. O-O Nbd7 10. cxd5 cxd5 11. Nh4 Qa5 12. g4 Be6 13. a3 Ne4 14. b4 Qb6 15.
f3 Nd6 16. Qb3 Rac8 17. Rac1 Nc4 18. Nxc4 dxc4 19. Qc2 Qd6 20. Ng2 Nb6 21. Bc3
Bd7 22. Qd2 Nd5 23. f4 Nf6 24. g5 Ne4 25. Qd1 b5 26. Bf3 Bc6 27. Qe2 f6 28.
gxf6 exf6 29. d5 Qxd5 30. Rfd1 Qf7 31. Bxe4 Bxe4 32. Rd6 Qb7 33. Bd4 Rc6 34.
Rxc6 Qxc6 35. Ne1 Rd8 36. Kf2 Qe6 37. Kg3 h5 38. h3 Bf5 39. Qg2 Rxd4 0-1

[Event "Druzynowe Mistrzostwa Polski - II Liga S"]
[Site "Ustron/Slaski Zwiazek Szachowy"]
[Date "2008.09.12"]
[Round "7.45"]
[White "Sobczak, Miroslaw"]
[Black "Olszewski, Marek"]
[Result "0-1"]
[WhiteElo "2043"]
[BlackElo "2151"]
[PlyCount "73"]
[EventDate "2008.??.??"]

1. d4 Nf6 2. Nf3 d6 3. Bf4 g6 4. e3 Bg7 5. h3 O-O 6. Be2 b6 7. O-O Bb7 8. c3
Nbd7 9. Qb3 e6 10. Rd1 Qe7 11. a4 a5 12. Na3 Ne4 13. Nc4 f5 14. Ncd2 Kh8 15.
Nxe4 fxe4 16. Nd2 g5 17. Bg3 Nf6 18. Qc2 Qf7 19. b4 h5 20. Rf1 g4 21. hxg4 hxg4
22. b5 Qg6 23. Qd1 Bh6 24. c4 Rf7 25. c5 Rh7 26. Re1 Qh5 27. Bc4 e5 28. c6 Bc8
29. dxe5 Bf4 30. Kf1 Bxe5 31. Bxe5 Qxe5 32. g3 Rh2 33. Qc2 d5 34. Ba2 Be6 35.
Rab1 Rf8 36. Qb2 Qf5 37. Kg1 0-1

[Event "Druzynowe Mistrzostwa Polski - II Liga S"]
[Site "Ustron/Slaski Zwiazek Szachowy"]
[Date "2008.09.12"]
[Round "7.48"]
[White "Wesolowska, Edyta"]
[Black "Grzelachowska, Grazyna"]
[Result "1-0"]
[WhiteElo "1943"]
[BlackElo "1983"]
[PlyCount "75"]
[EventDate "2008.??.??"]

1. d4 d5 2. c4 c6 3. e3 g6 4. Nc3 Bg7 5. Nf3 Nf6 6. Bd3 dxc4 7. Bxc4 O-O 8. O-O
Nbd7 9. b4 Nb6 10. Bb3 Nfd5 11. Nxd5 Nxd5 12. Ba3 Bg4 13. Rc1 Qd6 14. Rc5 b6
15. Rc4 a5 16. Qc1 axb4 17. Rxc6 Qd8 18. Bb2 Bxf3 19. gxf3 e6 20. e4 Nc3 21.
Bxc3 bxc3 22. Qxc3 Bxd4 23. Qd2 Ra5 24. Rd1 e5 25. Rdc1 Rc5 26. R1xc5 bxc5 27.
Bd5 Qh4 28. Kg2 g5 29. h3 Rb8 30. Bb3 h5 31. Rg6+ Kh7 32. Rxg5 f6 33. Rg3 Qf4
34. Qa5 Rb7 35. Qd8 Rg7 36. Bg8+ Kh8 37. Be6+ Kh7 38. Bf5+ 1-0

[Event "Druzynowe Mistrzostwa Polski - II Liga S"]
[Site "Ustron/Slaski Zwiazek Szachowy"]
[Date "2008.09.12"]
[Round "7.49"]
[White "Krogulski, Grzegorz"]
[Black "Grabowski, Pawel"]
[Result "1/2-1/2"]
[WhiteElo "2316"]
[BlackElo "2296"]
[PlyCount "23"]
[EventDate "2008.??.??"]

1. e4 e5 2. Nf3 Nc6 3. Bc4 Bc5 4. d3 Nf6 5. O-O d6 6. c3 O-O 7. b4 Bb6 8. a4 a6
9. Re1 Ne7 10. Nbd2 Ng6 11. Nf1 Be6 12. a5 1/2-1/2

[Event "Druzynowe Mistrzostwa Polski - II Liga S"]
[Site "Ustron/Slaski Zwiazek Szachowy"]
[Date "2008.09.12"]
[Round "7.50"]
[White "Stuczynski, Andrzej"]
[Black "Sygulski, Boguslaw"]
[Result "1/2-1/2"]
[WhiteElo "2253"]
[BlackElo "2242"]
[PlyCount "48"]
[EventDate "2008.??.??"]

1. e4 e5 2. Nf3 Nf6 3. d4 Nxe4 4. Bd3 d5 5. Nxe5 Nf6 6. O-O Be7 7. Bg5 O-O 8.
Nd2 Nbd7 9. Re1 Re8 10. Qf3 c6 11. Bxh7+ Kxh7 12. Nxf7 Qb6 13. Qh3+ Kg8 14.
Nh6+ gxh6 15. Qxh6 Kf7 16. Nf3 c5 17. Ne5+ Nxe5 18. dxe5 Bf5 19. exf6 Bxf6 20.
Qh5+ Bg6 21. Qf3 Re4 22. Rxe4 Bxe4 23. Qh3 Bg6 24. Qf3 Be4 1/2-1/2

[Event "Druzynowe Mistrzostwa Polski - II Liga S"]
[Site "Ustron/Slaski Zwiazek Szachowy"]
[Date "2008.09.12"]
[Round "7.51"]
[White "Draganik, Grzegorz"]
[Black "Zolnierowicz, Krzysztof"]
[Result "0-1"]
[WhiteElo "1870"]
[BlackElo "2272"]
[PlyCount "100"]
[EventDate "2008.??.??"]

1. c4 e6 2. g3 c5 3. Bg2 Nc6 4. Nf3 Nf6 5. O-O d5 6. cxd5 exd5 7. d4 Be7 8. Nc3
O-O 9. b3 Re8 10. Bb2 Bg4 11. dxc5 Bxc5 12. Rc1 Bf8 13. h3 Bh5 14. Nb5 Ne4 15.
Nbd4 Qb6 16. Nxc6 bxc6 17. Qd4 Qa6 18. g4 Bg6 19. a3 f6 20. b4 Bf7 21. Qd3 Qb7
22. Rb1 a5 23. bxa5 Qa7 24. Nd2 Nxd2 25. Qxd2 Qxa5 26. Rfd1 Qxd2 27. Rxd2 Bxa3
28. Bxa3 Rxa3 29. Rc1 Ra6 30. Rdc2 Re6 31. Kf1 Kf8 32. Ke1 Ke7 33. Kd2 g5 34.
e3 Kd6 35. Bf1 Rb6 36. Bd3 h5 37. f4 Re7 38. fxg5 fxg5 39. gxh5 Bxh5 40. Rg1
Re5 41. Rf1 Ke7 42. Rfc1 Be8 43. Rf1 Bd7 44. Rf3 Be6 45. Kc3 c5 46. Rb2 Rxe3
47. Rxe3 d4+ 48. Kc2 Rxb2+ 49. Kxb2 dxe3 50. Bf1 Bxh3 0-1

[Event "Druzynowe Mistrzostwa Polski - II Liga S"]
[Site "Ustron/Slaski Zwiazek Szachowy"]
[Date "2008.09.12"]
[Round "7.52"]
[White "Gawronski, Miroslaw"]
[Black "Czarnecki, Wojciech"]
[Result "1-0"]
[WhiteElo "2279"]
[BlackElo "2056"]
[PlyCount "72"]
[EventDate "2008.??.??"]

1. d4 d5 2. c4 c6 3. Nf3 Nf6 4. Nc3 g6 5. Bg5 Bg7 6. e3 O-O 7. a4 Qa5 8. Qb3
Nbd7 9. cxd5 Nxd5 10. Bd3 Re8 11. O-O Nxc3 12. bxc3 Nb6 13. h3 Be6 14. c4 c5
15. Ra3 Rac8 16. Rc1 cxd4 17. exd4 Bxd4 18. Bd2 Qc5 19. Nxd4 Qxd4 20. Be3 Qd6
21. Bxb6 axb6 22. a5 b5 23. Raa1 Red8 24. Bf1 bxc4 25. Qxb7 Rc7 26. Qb5 Rc5 27.
Qb4 Rb8 28. Qc3 Qa6 29. Ra4 Qb5 30. Rca1 Qb3 31. Qd4 Rcc8 32. a6 c3 33. a7 Ra8
34. Rb4 Qd5 35. Qf4 Qc5 36. Re4 c2 {zapis nieczytelny
} 1-0

[Event "Druzynowe Mistrzostwa Polski - II Liga S"]
[Site "Ustron/Slaski Zwiazek Szachowy"]
[Date "2008.09.12"]
[Round "7.53"]
[White "Markiewicz, Mateusz"]
[Black "Paszek, Krzysztof"]
[Result "0-1"]
[WhiteElo "2013"]
[BlackElo "2126"]
[PlyCount "102"]
[EventDate "2008.??.??"]

1. e4 c5 2. Nf3 d6 3. d4 cxd4 4. Nxd4 Nf6 5. Nc3 a6 6. Bg5 e6 7. f4 Be7 8. Qf3
Qc7 9. O-O-O Nbd7 10. Bd3 h6 11. Bh4 g5 12. fxg5 Ne5 13. Qe2 Nh7 14. Nf3 hxg5
15. Bg3 Rg8 16. Rhf1 Nf6 17. Kb1 b5 18. Qd2 Nh5 19. Be1 Bd7 20. Ne2 Rg7 21. Qc3
Qxc3 22. Bxc3 Bf6 23. Neg1 g4 24. Nxe5 Bxe5 25. Ne2 Bc6 26. Nf4 Nxf4 27. Rxf4
Bxf4 28. Bxg7 Bxh2 29. Rh1 Bg3 30. Bf6 Be5 31. Bxe5 dxe5 32. Rh4 Rd8 33. Kc1 f5
34. Rh6 Bd7 35. Rh5 f4 36. Rxe5 Kf7 37. Rg5 Rg8 38. Rxg8 Kxg8 39. Kd2 Kg7 40.
c4 Kf6 41. Be2 Kg5 42. Ke1 Bc6 43. Kf2 b4 44. c5 g3+ 45. Kf1 Bxe4 46. Bxa6 Bc6
47. a3 bxa3 48. bxa3 Kf6 49. a4 Bxa4 50. Bb7 Bb5+ 51. Ke1 Ke7 0-1

[Event "Druzynowe Mistrzostwa Polski - II Liga S"]
[Site "Ustron/Slaski Zwiazek Szachowy"]
[Date "2008.09.12"]
[Round "7.54"]
[White "Flazinska, Anna"]
[Black "Jalowiec, Halina"]
[Result "1/2-1/2"]
[WhiteElo "1829"]
[BlackElo "2073"]
[PlyCount "121"]
[EventDate "2008.??.??"]

1. e4 c5 2. Nf3 d6 3. d4 cxd4 4. Nxd4 Nf6 5. Nc3 Nc6 6. Bg5 h6 7. Bxf6 gxf6 8.
Be2 Qb6 9. Ndb5 Be6 10. Nd5 Bxd5 11. exd5 Ne5 12. O-O Rc8 13. c3 a6 14. Nd4 Rc7
15. Qa4+ Kd8 16. Bh5 Rc4 17. Qa3 Rg8 18. Rae1 Qc5 19. Qxc5 Rxc5 20. Rxe5 fxe5
21. Bxf7 Rxg2+ 22. Kxg2 exd4 23. cxd4 Rc2 24. Be6 Kc7 25. Rb1 Bg7 26. Bf5 Rd2
27. Rc1+ Kb6 28. Rc2 Rxc2 29. Bxc2 Bxd4 30. b3 Kc5 31. Kf3 b6 32. Bd3 a5 33.
Ke4 Bxf2 34. a4 Kb4 35. Bc4 Kc3 36. h3 Bh4 37. Ke3 Bf6 38. Ke4 Kd2 39. Kf5 h5
40. Ke6 Ke3 41. Kd7 Kf3 42. Bd3 Kf4 43. Kc6 Bd4 44. Kd7 Ke5 45. Bc4 Kf6 46. Bf1
Bc5 47. Be2 h4 48. Bf3 Bb4 49. Bg2 Bd2 50. Bf3 Be3 51. Bg2 Bf4 52. Bf3 Bg5 53.
Kc6 Be3 54. Kd7 Bc5 55. Bg2 Ke5 56. Kc6 Kf4 57. Kd7 Kg3 58. Bf1 Kf2 59. Bd3 Ke3
60. Bb5 Kf2 61. Bd3 1/2-1/2

[Event "Druzynowe Mistrzostwa Polski - II Liga S"]
[Site "Ustron/Slaski Zwiazek Szachowy"]
[Date "2008.09.12"]
[Round "7.55"]
[White "Pinkas, Karol"]
[Black "Walach, Marcin"]
[Result "1/2-1/2"]
[WhiteElo "2317"]
[BlackElo "2410"]
[PlyCount "117"]
[EventDate "2008.??.??"]

1. e4 e5 2. f4 exf4 3. Nf3 d5 4. exd5 Nf6 5. c4 c6 6. Nc3 Bb4 7. a3 Bxc3 8.
Qe2+ Qe7 9. dxc3 cxd5 10. Qxe7+ Kxe7 11. Bxf4 Be6 12. O-O-O Nc6 13. Nd4 Nxd4
14. Rxd4 Rhd8 15. cxd5 Rxd5 16. Rxd5 Nxd5 17. Bg5+ f6 18. Bd2 Rd8 19. Be2 Nb6
20. Be3 Bd5 21. Rd1 Rd7 22. g3 Ke6 23. Bd4 Be4 24. Re1 Kd5 25. Bg4 f5 26. Bxf5
Bxf5 27. Re5+ Kc4 28. Rxf5 Kd3 29. Rf3+ Ke2 30. Re3+ Kf1 31. Kc2 Nc4 32. Rf3+
Ke1 33. Rf4 b5 34. a4 a6 35. b3 Nd6 36. Be5 Nb7 37. Rd4 Re7 38. Rd5 bxa4 39.
bxa4 Kf2 40. Rd2+ Kf3 41. Bd4 Kg4 42. Kd3 Na5 43. Rb2 Kh3 44. c4 Rd7 45. Kc3
Nc6 46. Bb6 Rf7 47. Be3 Rf3 48. Re2 Kg4 49. c5 Rf1 50. Bf4 g5 51. Bd6 Ra1 52.
Re4+ Kf5 53. Rc4 Rc1+ 54. Kd3 Rxc4 55. Kxc4 g4 56. Kd5 Nb4+ 57. Kc4 Nc6 58. Kd5
Nb4+ 59. Kc4 1/2-1/2

[Event "Druzynowe Mistrzostwa Polski - II Liga S"]
[Site "Ustron/Slaski Zwiazek Szachowy"]
[Date "2008.09.12"]
[Round "7.56"]
[White "Kornasiewicz, Stanislaw"]
[Black "Tokarski, Bartosz"]
[Result "1/2-1/2"]
[WhiteElo "2235"]
[BlackElo "2157"]
[PlyCount "100"]
[EventDate "2008.??.??"]

1. e4 c5 2. Nc3 Nc6 3. g3 d6 4. Bg2 g6 5. d3 Bg7 6. f4 e6 7. Nf3 Nge7 8. O-O
O-O 9. Be3 Nd4 10. Bf2 Rb8 11. Nxd4 cxd4 12. Ne2 e5 13. c3 dxc3 14. Nxc3 b6 15.
d4 exf4 16. gxf4 Bb7 17. d5 f5 18. Bd4 Bxd4+ 19. Qxd4 fxe4 20. Bxe4 Nf5 21. Qd2
Qf6 22. Rad1 Rbe8 23. Rf2 Ba6 24. Bg2 Ne3 25. Ne4 Rxe4 26. Bxe4 Nxd1 27. Qxd1
Re8 28. Qa4 Bb5 29. Qb4 Bd7 30. Bf3 a5 31. Qd2 Bf5 32. Re2 Rxe2 33. Qxe2 Qd4+
34. Kg2 Kf7 35. Kg3 h5 36. h4 Qg1+ 37. Bg2 Qd4 38. Bf3 Qg1+ 39. Bg2 Qd4 40. Bf3
Kf8 41. a3 Kf7 42. Qf2 Qxf2+ 43. Kxf2 Kf6 44. Ke3 Bd7 45. Bg2 Bg4 46. Be4 Bh3
47. Bd3 Bf5 48. Bf1 Bg4 49. Bd3 Bf5 50. Bf1 Bg4 1/2-1/2

[Event "Druzynowe Mistrzostwa Polski - II Liga S"]
[Site "Ustron/Slaski Zwiazek Szachowy"]
[Date "2008.09.12"]
[Round "7.57"]
[White "Zowada, Kazimierz"]
[Black "Michalczyk, Stanislaw"]
[Result "1-0"]
[WhiteElo "2196"]
[BlackElo "2094"]
[PlyCount "109"]
[EventDate "2008.??.??"]

1. d4 c5 2. d5 e5 3. Nc3 d6 4. e4 g6 5. Nf3 Bg7 6. Be2 Ne7 7. a4 O-O 8. h4 Bg4
9. Nd2 Bxe2 10. Qxe2 Nd7 11. h5 Nf6 12. g4 Qd7 13. f3 b6 14. Nc4 Rfb8 15. Qh2
Kf8 16. Bg5 Neg8 17. hxg6 hxg6 18. Qh4 a6 19. O-O b5 20. Na5 bxa4 21. Nxa4 Qb5
22. Bd2 Ne7 23. b3 Ke8 24. Nc4 Nc8 25. Bg5 Ng8 26. Qh7 Kf8 27. Bd2 Ra7 28. Nab2
Rd7 29. Ra5 Qb7 30. g5 Ra8 31. Qh3 Rd8 32. Rfa1 Nge7 33. Qf1 f5 34. gxf6 Bxf6
35. Bh6+ Kf7 36. Qh3 Qd7 37. Qxd7 Rxd7 38. Be3 g5 39. Rxa6 Rxa6 40. Rxa6 Ng6
41. Na4 Nf4 42. Kf2 Kg6 43. Bxc5 Rh7 44. Bxd6 Nxd6 45. Rxd6 Rh2+ 46. Ke1 g4 47.
Nxe5+ Kg7 48. Nxg4 Bh4+ 49. Kd1 Rh1+ 50. Kd2 Be1+ 51. Ke3 Bg3 52. Rd7+ Kf8 53.
Nc5 Re1+ 54. Kd4 Rd1+ 55. Nd3 1-0

[Event "Druzynowe Mistrzostwa Polski - II Liga S"]
[Site "Ustron/Slaski Zwiazek Szachowy"]
[Date "2008.09.12"]
[Round "7.58"]
[White "Zawierucha, Aleksander"]
[Black "Guzik, Jolanta"]
[Result "1/2-1/2"]
[WhiteElo "2095"]
[BlackElo "2095"]
[PlyCount "45"]
[EventDate "2008.??.??"]

1. d4 d5 2. c4 e6 3. cxd5 exd5 4. Nc3 c6 5. Qc2 Be7 6. Bf4 Nf6 7. e3 Nbd7 8.
Bd3 Nf8 9. Nge2 Ng6 10. Bg3 Bd6 11. O-O O-O 12. Rad1 Re8 13. Rfe1 Qe7 14. Kh1
Ng4 15. h3 Nf6 16. Bxd6 Qxd6 17. Ng3 Bd7 18. a3 Rad8 19. Qa4 a6 20. Qc2 Nh4 21.
Nf5 Nxf5 22. Bxf5 Bxf5 23. Qxf5 1/2-1/2

[Event "Druzynowe Mistrzostwa Polski - II Liga S"]
[Site "Ustron/Slaski Zwiazek Szachowy"]
[Date "2008.09.12"]
[Round "7.59"]
[White "Siedlinski, Piotr"]
[Black "Waruga, Wojciech"]
[Result "1/2-1/2"]
[WhiteElo "1853"]
[BlackElo "2017"]
[PlyCount "87"]
[EventDate "2008.??.??"]

1. e4 d6 2. d3 g6 3. g3 Bg7 4. Bg2 c5 5. c3 Nc6 6. Nf3 e5 7. Be3 Qb6 8. Qc2
Nge7 9. O-O Qa6 10. Rd1 Bg4 11. h3 Bxf3 12. Bxf3 O-O 13. Bg2 Rad8 14. c4 f5 15.
exf5 gxf5 16. Bg5 Rd7 17. Bxe7 Rxe7 18. Nc3 Nd4 19. Qd2 Kh8 20. Nd5 Ref7 21. b3
b5 22. Rab1 b4 23. Rf1 f4 24. Be4 Qc8 25. g4 Qd8 26. f3 Bh6 27. Kg2 Rg7 28. Qf2
Bg5 29. Rh1 Bh4 30. Qb2 Bg3 31. a4 a5 32. h4 Bxh4 33. Rh3 h6 34. Rbh1 Bg5 35.
Rh5 Kg8 36. Kf1 Kf7 37. R1h2 Ke8 38. Rh1 Kd7 39. R1h2 Kc8 40. Rh1 Kb8 41. R1h2
Rfg8 42. Rh1 Ka7 43. R1h3 Qc8 44. Rh1 1/2-1/2

[Event "Druzynowe Mistrzostwa Polski - II Liga S"]
[Site "Ustron/Slaski Zwiazek Szachowy"]
[Date "2008.09.12"]
[Round "7.60"]
[White "Gonsior, Monika"]
[Black "Labedz, Patrycja"]
[Result "1/2-1/2"]
[WhiteElo "2131"]
[BlackElo "1949"]
[PlyCount "116"]
[EventDate "2008.??.??"]

1. e4 c6 2. d4 d5 3. Nc3 dxe4 4. Nxe4 Nd7 5. Nf3 Ngf6 6. Neg5 h6 7. Nh3 e6 8.
Bd3 Bd6 9. Qe2 Qc7 10. Bd2 b6 11. O-O-O Bb7 12. Rhe1 O-O-O 13. Ne5 Rhf8 14. Ba6
c5 15. Nc4 cxd4 16. Nxd6+ Qxd6 17. Qc4+ Qc5 18. Qa4 Nd5 19. Nf4 Bxa6 20. Qxa6+
Kb8 21. Nd3 Qc6 22. Nb4 Nxb4 23. Bxb4 Nc5 24. Qc4 Qd5 25. Qe2 Rfe8 26. Qe5+
Qxe5 27. Rxe5 f6 28. Ree1 e5 29. f3 f5 30. Bd2 g5 31. b4 Nb7 32. h4 e4 33. fxe4
fxe4 34. hxg5 e3 35. gxh6 exd2+ 36. Kxd2 Rh8 37. Re6 Rd6 38. Rde1 Rxh6 39. Rxh6
Rxh6 40. Re8+ Kc7 41. Re7+ Kc8 42. Re4 Rh2 43. Rg4 Nd8 44. Rxd4 Rxg2+ 45. Kc3
Nc6 46. Rc4 Kb7 47. Kb3 Rg3+ 48. Kb2 b5 49. Rc5 a6 50. c3 Kb6 51. Rh5 Kc7 52.
Rd5 Ne7 53. Rc5+ Kd6 54. a4 bxa4 55. Ra5 Rg2+ 56. Ka3 Rc2 57. Rxa6+ Kd7 58.
Ra7+ Kd6 1/2-1/2

[Event "Druzynowe Mistrzostwa Polski - II Liga Seniorow"]
[Site "Ustron/Slaski Zwiazek Szachowy"]
[Date "2008.09.12"]
[Round "7.61"]
[White "Fudalej, Michal"]
[Black "Mikrut, Dariusz"]
[Result "0-1"]
[WhiteTitle "FM"]
[BlackTitle "IM"]
[WhiteElo "2309"]
[BlackElo "2397"]

1. Nf3 Nf6 2. g3 g6 3. Bg2 Bg7 4. c4 c6 5. Nc3 O-O 6. O-O d6 7. Rb1 d5 8. b3
Re8 9. d3 e5 10. e4 dxc4 11. bxc4 Nbd7 12. Qc2 Nc5 13. Be3 Nfd7 14. Na4 Ne6 15.
c5 Qe7 16. Rfd1 Ndf8 17. Qc3 Qc7 18. Qa3 Qa5 19. Bd2 Qa6 20. Qb4 Nd7 21. Bc3 b5
22. Nb2 Nexc5 23. Nxe5 Bxe5 24. Bxe5 Rxe5 25. d4 Rxe4 26. Bxe4 Nxe4 27. Re1
Ndf6 28. Nd3 Qxa2 29. f3 Nd2 30. Rb2 Nxf3+ 31. Kf2 Nxe1 0-1